000 00365nam a2200133Ia 4500
005 20260328104326.0
008 260328s9999||||xx |||||||||||||| ||und||
100 _aTejeira Davis, Eduardo
245 0 _aCiudad del Saber :
_b Un Legado en Construcción /
_cEduardo Tejeira Davis
260 _bCiudad del Saber
300 _a144 p.
650 _aPANAMÁ
942 _cBK
999 _c11548
_d11548